• 首页
  • 本馆介绍
  • 公告通知
  • 最新文献
  • 馆藏检索
  • 电子资源
  • 读者导购
  • 参考咨询
  • 我的图书馆
  • 登录
  • 详细信息显示
  • 放入我的书架
  • 预约/预借图书
  • 作者相关作品
  • 分类相关作品
  • 丛书相关作品
  • 出版社相关作品

书目信息

  • 表格格式
  • 工作单格式
  • 卡片格式
题名:
美术设计透视图法
    
 
作者: 逄国园 编著
分册:  
出版信息: 南京   江苏美术出版社  1998
页数: 106页
开本: 26cm
丛书名:
单 册:
中图分类: J206.2
科图分类:
主题词: 透视学 , 绘画理论
电子资源:
ISBN: 7-5344-0755-9
000 00668nam0 2200241 45
001 0198028760
005 20031219104108.9
010    @a7-5344-0755-9@dCNY13.00
100    @a19980521d1998 em y0chiy0121 ea
101 0  @achi
102    @aCN@b320000
105    @af z 000yy
106    @ar
200 10 @a美术设计透视图法@Amei shu she ji tou shi tu fa@f逄国园编著
210    @a南京@c江苏美术出版社@d1998
215    @a106页@c图@d26cm
510 1  @aPerspective graphics of art design@zeng
606    @a透视学
606 0  @a绘画理论
690    @aJ206.2@v4
701  0 @a逄国园@Apang guo yuan@4编著
801    @aCN@bTSTC@c20030407
905    @b322299-303@dJ206.2@e199@f5
    
    美术设计透视图法/逄国园编著.-南京:江苏美术出版社,1998
    106页:图;26cm
    
    
    ISBN 7-5344-0755-9:CNY13.00
    
●
相关链接 在E读中查询图书 在五车中查询图书 在当当中查询图书 在豆瓣中查询图书


正题名:美术设计透视图法     索取号:J206.2/199         预约/预借

序号 登录号 条形码 馆藏地/架位号 状态 备注
1 0322300   203223001   第一借阅区/ [索取号:J206.2/199] 在馆    
2 0322301   203223010   第一借阅区/ [索取号:J206.2/199] 在馆    
3 0322302   203223029   第一借阅区/ [索取号:J206.2/199] 在馆    
4 0322303   203223038   第一样本阅览室/ [索取号:J206.2/199] 在馆    
唐山师范学院图书馆 欢迎您!
大连网信软件有限公司© 版权所有